000 00656cam a2200205 a 4500
001 000018645
005 20200929165832.0
008 720412s1963 nyu 000 1 eng d
040 _aDO-SdBNP
_beng
_cLC
_dBNPHU
082 _a813.52
_bD771j
100 1 _aDreiser, Theodore,
_d1871-1945.
_940284
245 1 0 _aJennie Gerhardt /
_cTheodore Dreiser ; introducción Alfred Kazin.
260 _aNew York :
_bThe Laurel Dreiser,
_c1963.
300 _a414 p. ;
_c17 cm.
650 4 _aNovela estadounidense
_9262
650 4 _aLiteratura estadounidense
_9263
700 1 _aKazin, Alfred,
_eintrod.
_940285
910 _aCatalogación derivada / LC
049 _aBNGR
999 _c18165
_d18165